Guess the AJR Song from the Lyric! (Ultra Hard Edition) - Statistics

General Stats
  • This quiz has been taken 300 times
  • The average score is 8 of 20
Answer Stats
Hint Answer % Correct
I keep losing my socksWhere the hell do they go? Adventure Is Out There
64%
Hey, now, hold up, we were fun as hellI'm all grown up but you couldn't tell The DJ is Crying For Help
64%
Maybe I'm stuck on what I see on TVI grew up on Disney Turning Out
64%
Why, are you asking me why?My days and nights are filled with disappointment Karma
63%
Yeah, I can tell this life will be a cinchAnd that's just how it is Birthday Party
62%
A people-person in a room of people-peopleI'ma be the kid for the win Let the Games Begin
52%
But I'm in a roomFull of entertainers and thieves Burn the House Down
47%
I skipped promI thought I would blow up from that radio spot Christmas In June
45%
You said you'd love me, no matter whatYou said you'd love me, is that what I loved? Turning Out Pt. ii
41%
A hundred timesAt every phony lie Break My Face
40%
Make my lyrics come out betterBut at 7/11's where you would find me No Grass Today
38%
Look at this mess, should I forget, what you gave to me?Look at this mess, wake up Mr. West Role Models
38%
Cross my heart and hope to dieStick a needle in my eye Infinity
36%
But I'm scared to look it upIf I do that Humpty Dumpty
35%
I napped on campus andI smoked at dances but The Good Part
34%
A year from now, we won't be loversWe'll just be suits and ties and shoes The Green and the Town
26%
The rain will wash our memoryBut when we cry Growing Old on Bleecker Street
22%
The moon is upon us, gaining on usShe's crossed there, to stay Pitchfork Kids
22%
All my new friendsWe smiled at party time Sober Up (feat. Rivers Cuomo)
15%
Like a flower sheltered in stoneWith no chance of regrowing The World is a Marble Heart
14%
I guess the last time you had any funWas way back when you weren't anyone Ordinaryish People (feat. Blue Man Group)
13%
I love parties, but I don't goThen I feel bad when I stay home All My Favorite Songs (feat. AJR)
10%
No matching quizzes found
Score Distribution
Percent of People with Each Score
Percentile by Number Answered
Your Score History
You have not taken this quiz